000 00774nam a2200205Ii 4500
003 JO-AjNU
008 230605s9999||||xx |||||||||||||| ||und||
040 _aJO-AjNU
_bara
_erda
_cJO-AjNU
041 _aara
050 1 4 _aPJ7765.S88.A15 1986
100 3 _aتحقيق البنداري،عبد الغفار سليمان ؛ محمد السعيد بسيوني زغلول,
_eauthor
_920514
245 0 0 _aمقامات السيوطي للحافظ جلال الدين السيوطي
250 _aط1
264 3 1 _aبيروت:دار الكتب العلمية،1986
300 _a127ص
_bفهرس:ص(115-125)
336 _atext
_btxt
_2rdacontent
337 _aunmediated
_bn
_2rdamedia
338 _avolume
_bnc
_2rdacarrier
650 4 _a المقامات العربية
_920515
999 _aA6966
_c10534
_d10534